000 00393nam a2200145Ia 4500
008 100122s9999 xx 000 0 und d
082 _b32072
_a808.8
100 _aजाधव रा ग
245 _aप्रतिमा
260 _bपरिमल प्रकाशन
_c1982
300 _a93
630 _aप्रतिमा
730 _aप्रतिमा
942 _cBOOK
999 _c416541
_d416538